000 00357nam a2200157Ia 4500
008 090124s9999 xx 000 0 und d
082 _b105866
245 _a सावट
250 _a1
260 _c1956
300 _a148
630 _a सावट
700 _aतेंडुलकर मीना
730 _a सावट
942 _cBOOK
999 _c151957
_d151957